人类的一大步(航海家 | 旅行家 | 探险家)Historical Explorers - Statistics

General Stats
  • This quiz has been taken 25 times
  • The average score is 14 of 32
Answer Stats
介绍 时间 国籍 人物 % Correct
作为欧洲人,重新“发现”了新大陆 1492年 热那亚 克里斯托弗·哥伦布
100%
率领宝船舰队到达阿拉伯半岛和东非地区 1405-1433 中国 郑和
96%
首次踏上月球,完成“人类的一大步” 1969年 美国 尼尔·阿姆斯特朗
96%
完成了首次环球航行,但实际上去世于途中 1519-1521 葡萄牙 费迪南德·麦哲伦
91%
西行五万余里、穿越一百余国前往天竺求取佛经 628-645 中国 玄奘
91%
两次出使西域,开辟丝绸之路 前139、前119 中国 张骞
91%
自欧洲出发,穿越亚欧大陆并与忽必烈汗会面 1271-1295 威尼斯 马可·波罗
87%
自扬州六次东渡,将佛教和建筑艺术传播到日本 754年 中国 鉴真
87%
世界上第一个进入宇宙空间的人类 1961年 苏联 尤里·加加林
83%
在中国许多省份进行地质水文考察,并写入游记 1605-1637 中国 徐霞客
83%
《荒野求生》主持人,指出牛肉的蛋白质只有虫子的1/6 2006至今 英国 贝尔·格里尔斯
70%
乘坐贝格尔号环球航行,进行生物学考察 1831-1836 英国 查尔斯·达尔文
65%
首次带队探索南极点 1911年 挪威 罗尔德·阿蒙森
61%
从欧洲出发,首次航海抵达印度 1497-1498 葡萄牙 瓦斯科·达·伽马
61%
首次探索了澳大利亚东海岸和夏威夷的欧洲人 1770、1778 英国 詹姆斯·库克
48%
领队航行至非洲大陆南端并发现好望角 1487-1488 葡萄牙 巴尔托洛梅乌·迪亚士
39%
自摩洛哥出发游历了北非、西亚、中亚、印度和中国 14世纪 摩洛哥 伊本·白图泰
26%
完成两次环球航行的私掠船长 1577、1580 英国 弗朗西斯·德雷克
22%
首次自欧洲出发到达格陵兰,并建立定居点 982年 挪威 埃里克·瑟瓦尔德森
22%
探索了南美洲东海岸并确定其为新大陆 1499-1502 佛罗伦萨 阿美利哥·维斯普西
13%
带队首次穿越北美大陆,并测绘了路易斯安那购地区 1804-1806 美国 梅里韦瑟·刘易斯
13%
自长安至天竺取经,为记载中首位到达印度的中国人 399-411 中国 法显
13%
前者之子,在今天的加拿大境内建立了定居点“文兰” 约1000年 挪威 莱夫·埃里克松
13%
首位抵达塔斯马尼亚和新西兰的欧洲人 1642年 荷兰 阿贝尔·塔斯曼
13%
人类首次登顶珠穆朗玛峰 1953年 新西兰 埃德蒙·希拉里
13%
人类首次登顶珠穆朗玛峰 1953年 尼泊尔 丹增·诺尔盖
13%
首次完成单人驾机飞跃大西洋 1927年 美国 查尔斯·林德伯格(林白)
9%
在战争中被俘后,游历了阿拉伯地区和北非 751-762 中国 杜环
4%
创下首次走完亚马逊河全程纪录的野外求生节目主持人 2010年 英国 埃德·斯塔福德
4%
自泉州出发,到达南亚、东非、地中海,可能到达澳洲 1330、1337 中国 汪大渊
0%
经直布罗陀海峡航行到达不列颠、挪威北部地区 约前330 希腊 皮西亚斯
0%
自格拉纳达游至开罗、麦加、巴格达等地并撰写《游记》 1183-1217 阿拉伯 伊本·朱巴伊尔
0%
No matching quizzes found
Score Distribution
Percent of People with Each Score
Percentile by Number Answered
Your Score History
You have not taken this quiz